000 00638nam a2200241Ia 4500
008 160319s9999 xx 000 0 und d
020 _a971630031X
050 _a920
050 _bB356m 1995
100 _aBaybay, Dulce Festin
245 _aMother Ignacia /
245 _cDulce Festin-Baybay.
260 _aManila :
260 _bTahanan Books for Young Readers .
260 _c1995
300 _a31 p. :
300 _bill. ;
300 _c26 cm.
440 _aGreat lives ; [v.55]
500 _aArbitrarily numbered.
650 _aIgnacia del Espiritu Santo, Mother, 1663-1748 --
650 _xJuvenile literature.
999 _c292222
_d292222